|
|
|
|
| LEADER |
00000cam a2200000 a 4500 |
| 001 |
vtls001178089 |
| 003 |
SK-MaSNL |
| 005 |
20260301112228.0 |
| 008 |
250312s1968 au frn 00100 ger |
| 015 |
|
|
|a SNBZSA1968
|
| 020 |
|
|
|q (brožované)
|
| 035 |
|
|
|a SNK000121090
|
| 035 |
|
|
|a 4CD46269-35FD-4E34-A7C8-C58AE9C5D222
|
| 035 |
|
|
|a urn:nbn:sk:snk-am00icw8
|
| 040 |
|
|
|a SNK
|b slo
|c SNK
|e AACR2
|
| 041 |
0 |
|
|a ger
|
| 043 |
|
|
|a e-hu---
|a e-xo---
|
| 044 |
|
|
|a au
|c AT
|
| 072 |
|
7 |
|a 2-74
|x Náboženské právo. Cirkevné právo
|2 konspekt
|
| 072 |
|
7 |
|a 34
|x Právo
|2 konspekt
|
| 072 |
|
7 |
|a 27
|x Kresťanstvo. Kresťanská cirkev všeobecne. Ekleziológia
|2 konspekt
|
| 080 |
|
|
|a 348
|2 2011
|
| 080 |
|
|
|a 27-74
|2 2011
|
| 080 |
|
|
|a 27-9
|2 2011
|
| 080 |
|
|
|a 27‑722.52
|2 2011
|
| 080 |
|
|
|a 27-732.2-051
|2 2011
|
| 080 |
|
|
|a (437.6)
|2 2011
|
| 080 |
|
|
|a (437.672.118.165)
|2 2011
|
| 080 |
|
|
|a (437.642)
|2 2011
|
| 080 |
|
|
|a (439.2)
|2 2011
|
| 080 |
|
|
|a (048.8)
|2 2011
|
| 080 |
|
|
|a (093)
|2 2011
|
| 080 |
|
|
|a 2-72
|2 2011
|
| 100 |
1 |
|
|a Tomko, Jozef,
|d 1924-2022
|4 aut
|9 90154
|
| 245 |
1 |
4 |
|a Die Errichtung der Diözesen Zips, Neusohl und Rosenau und das königliche Patronatsrecht in Ungarn
|c Jozef Tomko ; Vorw. Willibald M. Plöchl
|
| 246 |
3 |
1 |
|a Zriadenie Spišskej, Banskobystrickej a Rožňavskej diecézy (1776) a kráľovské patronátne právo v Uhorsku
|
| 250 |
|
|
|a 1. Ausg.
|
| 260 |
|
|
|a Wien
|b Verlag Herder
|c 1968
|
| 300 |
|
|
|a 159 strán
|c 24 cm
|
| 490 |
1 |
|
|a Kirche und Recht
|v Band 8
|
| 500 |
|
|
|a Spoluvydal Österr. Archiv für Kirchenrecht, Wien a Slowakischen Institut, Rom-Cleveland
|
| 500 |
|
|
|a Zoznam skratiek. Názov súbežne slovensky
|
| 504 |
|
|
|a Obsahuje register
|
| 600 |
1 |
7 |
|a Pius
|b VI.,
|c pápež,
|d 1717-1799
|2 SNKMA
|9 236401
|
| 610 |
2 |
7 |
|a Rímskokatolícka cirkev.
|b Spišská diecéza
|2 SNKKA
|
| 610 |
2 |
7 |
|a Rímskokatolícka cirkev.
|b Rožňavská diecéza
|2 SNKKA
|9 376313
|
| 610 |
2 |
7 |
|a Rímskokatolícka cirkev.
|b Banskobystrická diecéza
|2 SNKKA
|9 163604
|
| 648 |
|
7 |
|a 1776
|2 SNKPH
|9 452650
|
| 650 |
0 |
7 |
|a cirkevné právo
|2 SNKPH
|9 978
|
| 650 |
0 |
7 |
|a diecézy
|2 SNKPH
|9 88437
|
| 650 |
0 |
7 |
|a cirkevné dejiny
|2 SNKPH
|9 3909
|
| 650 |
0 |
7 |
|a biskupi
|2 SNKPH
|9 1760
|
| 650 |
0 |
7 |
|a pápeži
|2 SNKPH
|9 1971
|
| 650 |
0 |
7 |
|a cirkev
|2 SNKPH
|9 1922
|
| 651 |
|
7 |
|a Spiš (Slovensko : región)
|2 SNKPHgeo
|9 17692
|
| 651 |
|
7 |
|a Rožňava (Slovensko)
|2 SNKPHgeo
|9 17394
|
| 651 |
|
7 |
|a Banská Bystrica (Slovensko)
|2 SNKPHgeo
|9 22015
|
| 651 |
|
7 |
|a Uhorsko
|2 SNKPHgeo
|9 28673
|
| 655 |
|
7 |
|a štúdie
|2 SNKPH
|9 57033
|
| 655 |
|
7 |
|a dokumenty
|2 SNKPH
|9 70482
|
| 700 |
1 |
|
|a Plöchl, Willibald M.,
|d 1907-1984
|4 aui
|9 452651
|
| 830 |
|
0 |
|a Kirche und Recht
|9 452652
|
| 852 |
|
|
|a Slovenská národná knižnica
|
| 954 |
|
|
|a odborná, vedecká literatúra pôvodná (slovenská)
|2 lita
|
| 958 |
|
|
|a RK
|
| 958 |
|
|
|a TL
|
| 958 |
|
|
|a ZS
|
| 958 |
|
|
|a DE
|
| 958 |
|
|
|a NB
|
| 958 |
|
|
|a OND
|
| 958 |
|
|
|a NT
|
| 999 |
|
|
|c 709821
|d 711751
|
| 952 |
|
|
|a SNK
|b SNK
|y PREZ
|7 0
|p 17A0057455
|o snkSC 25583
|i snkV 365/70
|8 2
|z S venovaním a podpisom autora
|0 0
|1 0
|4 0
|d 1997-03-26
|f 1
|l 0
|r 2005-01-01 00:00:00
|w 2026-02-23
|
| 952 |
|
|
|a SNK
|b SNK
|y VYP
|7 0
|p 17A0176279
|o snkSC 25583 D1
|0 0
|1 0
|4 0
|d 1999-01-13
|l 0
|r 2005-01-01 00:00:00
|w 2026-02-23
|